000 00595nam a22002057a 4500
003 OSt
005 20140310182819.0
008 130304t xxu||||| |||| 00| 0 eng d
020 _a0439117585
050 _aLB 1576
_b.R584 2001
100 _aRobb, Laura.
245 _aGrammar lessons and strategies that strengthen students' writing /
_cLaura Robb.
260 _aNew York :
_bScholastic Professional Books,
_c2001.
300 _a128 p. :
_c28 cm.
521 _aEDU
650 _aGrammar
_xstudy and teaching
650 _aGrammar ( grades 4-8 )
942 _2lcc
_cBK
_kFOR
999 _c16351
_d16351